00632nam a2200193Ia 4500008004100000020001300041082001700054100004600071245003600117250000700153260004100160300003100201500001900232600003300251650001600284942000700300952011600307999001500423240925s9999 xx 000 0 und d a60425342 a510.2462 GRO aGrossman, Stanley I.; Derrick, William R. 0aAdvance Engineering Mathematics aNA aNew York:bJohn Wiley & Sonsc,1988. axviii,1088p.bNAfOriginal aIncludes Index aHumanities & Natural Science aMathematics cBK 011440708HUMaUITUbUITUd1997-10-16eDonation l0o510.2462 GROpQ1126r2024-09-25 07:12:19w2024-09-25yBK c3625d3625